| 000 | 00762nam a22002057a 4500 | ||
|---|---|---|---|
| 003 | 0 | ||
| 005 | 20240911162221.0 | ||
| 008 | 240911b xxu||||| |||| 00| 0 eng d | ||
| 020 | _a978-1-03-236777-4 | ||
| 050 |
_aHD 30.3 _b.C66 2024 |
||
| 245 |
_aCommunication and organizational changemaking for diversity, equity, and inclusion _ba case studies approach _cedited by Bobbi J. Van Gilder [and two others] |
||
| 260 |
_aNew York _bRoutledge _c2024 |
||
| 300 |
_axiii, 388 pages ; _c23cm. |
||
| 504 | _aIncludes bibliographical references and index. | ||
| 650 | _aBusiness and Economics. | ||
| 650 | _aOrganizational Behavior--Case studies. | ||
| 650 | _aDiversity in the workplace. | ||
| 650 | _aHuman Resources & Personnel Management. | ||
| 942 |
_2lcc _cBK |
||
| 999 |
_c366225 _d366225 |
||